000 00376nam a22001697a 4500
005 20160629130112.0
008 160629b xxu||||| |||| 00| 0 eng d
020 _a81-7648-823-3
041 _aeng
082 _b10843
100 _aRao, U.K.
_93187
245 _aManagement of Education
260 _bAPH
_c2005
300 _a243
650 _aManagement
_9241
942 _cBK
999 _c4683
_d4681